Rozpoznaj zawodnika sportów walki po zdjęciu #1 - Statystyki

Ogólne statystyki
  • Ten quiz został rozwiązany 60 razy
  • Średni wynik to 10 z 16
Statystyki odpowiedzi
Obrazkowy Odpowiedź % Poprawnych
Mariusz Pudzianowski
100%
Mike Tyson
98%
Jan Błachowicz
93%
Conor McGregor
89%
Tomasz Adamek
87%
Artur Szpilka
85%
Oleksandr Usyk
73%
Mateusz Gamrot
71%
Khabib Nurmagomedov
53%
Alexander Volkanovski
45%
Roberto Soldić
45%
Francis Ngannou
42%
Phil De Fries
40%
Deontay Wilder
33%
Paweł Pawlak
33%
Sean O'Malley
25%
Nie znaleziono quizów pasujących do podanych kryteriów
Rozkład punktacji
Procent ludzi z każdym wynikiem
Percentyl według liczby udzielonych odpowiedzi
Twoja historia wyników
Nie rozwiązałeś tego quizu